An inquiry into the purpose of the production of wealth.

Bibliographic Details
Main Author: Foulke, Roy Anderson, 1896-
Corporate Author: Dun and Bradstreet, inc., New York
Format: Book
Language:English
Published: [N.Y.] : Dun & Bradstreet, [1954]
Subjects:

MARC

Tag First Indicator Second Indicator Subfields
LEADER 00000cam a2200000 4500
001 in00000073264
005 20151008052516.0
008 790314s1954 nyu b 00010 eng d
035 |a (OCoLC)04739380 
035 |9 AAH3658AM 
040 |a GAT  |c GAT  |d TXA  |d UtOrBLW 
049 |a TXAM 
050 0 |a HB771  |b .F59 
092 |a 339.24  |b F767i 
100 1 |a Foulke, Roy Anderson,  |d 1896- 
245 1 3 |a An inquiry into the purpose of the production of wealth. 
264 1 |a [N.Y.] :  |b Dun & Bradstreet,  |c [1954] 
264 4 |c [©1954] 
300 |a 71 pages :  |b tables. ;  |c 22 cm. 
336 |a text  |b txt  |2 rdacontent 
337 |a unmediated  |b n  |2 rdamedia 
338 |a volume  |b nc  |2 rdacarrier 
504 |a Includes bibliographical footnotes. 
650 0 |a Wealth. 
710 2 |a Dun and Bradstreet, inc., New York. 
999 |a MARS 
999 f f |s 8743431b-fc86-3073-a103-eee1aac41209  |i 5683748c-4a25-319d-8d97-f1e0270aa1d5  |t 0 
952 f f |p ric  |a Texas A&M University  |b Rellis Campus  |c Joint Library Facility  |d Remote Storage  |t 0  |e HB771 .F59  |h Library of Congress classification  |i unmediated -- volume  |m A14800777450 
998 f f |a HB771 .F59  |t 0  |l Remote Storage